Minnesota's original 9 counties - Statistics

General Stats
  • This quiz has been taken 4 times
  • The average score is 4 of 9
Answer Stats
Answer % Correct
Ramsey
100%
Dakota
75%
Itasca
50%
Wabasha
50%
Washington
50%
Benton
25%
Makhatah
0%
Pembina
0%
Wahnata
0%
No matching quizzes found
Score Distribution
Percent of People with Each Score
Percentile by Number Answered
Your Score History
You have not taken this quiz